[Event "SWE-ch"]
[Site "Uppsala"]
[Date "1985.??.??"]
[Round "?"]
[White "Hellers, Ferdinand"]
[Black "Johansson, Jan"]
[Result "1/2-1/2"]
[WhiteElo "2200"]
[BlackElo "2275"]

1.e4 g6 2.d4 Bg7 3.Nc3 d6 4.f4 Nf6 5.Nf3 O-O 6.Bd3 Na6 7.O-O c5 8.d5 Rb8
9.Qe1 Nb4 10.Qh4 b5 11.f5 c4 12.a3 Na6 13.Be2 gxf5 14.Bh6 Bxh6 15.Qxh6 Ng4
16.Qh5 f6 17.Ng5 fxg5 18.Bxg4 Qe8 19.Qxe8 Rxe8 20.exf5 Rf8 21.Rae1 b4 22.axb4 Nxb4
23.Rxe7 Nxc2 24.Bd1 Nd4 25.f6 Bf5 26.Rg7+ Kh8 27.Rxg5 Bd3 28.Rf4 Nb5 29.Nxb5 Rxb5
30.Rf2 h6 31.Rh5 Kh7 32.h3 c3 33.bxc3 Rb1 34.Rd2 Rxd1+ 35.Rxd1 Be2 36.Ra1 Bxh5
37.Rxa7+ Rf7 38.Ra6 Rxf6 39.g4 Bg6 40.c4 Bd3 41.Rc6 Rf4 42.c5 dxc5 43.Rxc5 Kg6
44.Kh2 Rd4 45.Kg3 Bf1 46.Rc6+ Kg7 47.Rc7+ Kg6 48.Rc6+ Kg7  1/2-1/2

[Event "SWE-ch"]
[Site "Uppsala"]
[Date "1985.??.??"]
[Round "?"]
[White "Bengtsson, Bo"]
[Black "Johansson, Jan"]
[Result "0-1"]
[WhiteElo "2320"]
[BlackElo "2275"]

1.e4 g6 2.d4 Bg7 3.Nc3 d6 4.Be3 c6 5.h3 Nd7 6.f4 e5 7.Nf3 Qe7 8.Qd2 Ngf6
9.O-O-O O-O 10.fxe5 dxe5 11.Bg5 exd4 12.Qxd4 Qc5 13.g4 Qxd4 14.Rxd4 Nc5 15.e5 Nfd7
16.Be7 Re8 17.Bd6 b6 18.Bg2 Ne6 19.Re4 Ndc5 20.Rb4 Nb7 21.Nd2 Nxd6 22.exd6 Bd7
23.Re4 Nc5 24.Ree1 Rad8 25.Rd1 Re6 26.Nc4 Nb7 27.a4 Nc5 28.Rhe1 Bxc3 29.bxc3 Nxa4
30.Rxe6 Bxe6 31.Ne5 Nxc3 32.Rd3 Ne2+ 33.Kd2 Nf4 34.Nxc6 Rd7 35.Ne7+ Kf8 36.Bc6 Nxd3
37.Bxd7 Nc5 38.Bc6 f5 39.gxf5 Bxf5 40.Bb5 Kf7 41.Nc6 Ne4+ 42.Ke3 Nxd6 43.Bf1 a5
44.c4 Be4 45.Ne5+ Ke6 46.Kd4 Bh1 47.Ng4 Nf5+ 48.Kc3 Be4 49.Nf2 Ke5 50.Ng4+ Ke6
51.Nf2 Bf3 52.Bd3 Ke5 53.Bc2 Kf4 54.Nd3+ Kg3 55.Ne5 Bg2 56.Nd7 Bxh3 57.Nxb6 Bg2
58.c5 h5 59.Ba4 Ne7  0-1

[Event "Vestmannaeyjum"]
[Site "Vestmannaeyjum"]
[Date "1985.??.??"]
[Round "6"]
[White "Arnason, Jon L"]
[Black "Plaskett, Jim"]
[Result "1-0"]
[WhiteElo "2495"]
[BlackElo "2495"]

1.e4 g6 2.d4 Bg7 3.Nc3 d6 4.f4 Nc6 5.Be3 Nf6 6.h3 b6 7.Bb5 Bd7 8.e5 Ng8 9.Qf3 Nb4
10.Bxd7+ Kxd7 11.O-O-O Nh6 12.g4 e6 13.a3 Nc6 14.Nge2 Ne7 15.d5 a6 16.Bxb6  1-0

[Event "Hoogovens-B"]
[Site "Wijk aan Zee"]
[Date "1985.??.??"]
[Round "7"]
[White "Barlov, Dragan"]
[Black "Hartoch, Robert G"]
[Result "1-0"]
[WhiteElo "2430"]
[BlackElo "2360"]

1.d4 d6 2.e4 g6 3.Nc3 Bg7 4.Be3 Nf6 5.h3 Nbd7 6.g3 O-O 7.Bg2 e5 8.Nge2 b6
9.d5 Bb7 10.Qd2 Qe7 11.a4 c6 12.dxc6 Bxc6 13.Rd1 Nc5 14.Qxd6 Qxd6 15.Rxd6 Bxe4
16.Nxe4 Ncxe4 17.Rxf6 Nxf6 18.Bxa8 Rxa8 19.Nc3 Bf8 20.Ke2 Bb4 21.Na2 Be7
22.Bg5 Kf8 23.Bxf6 Bxf6 24.Rd1 Rc8 25.c3 Ke7 26.Nb4 Ke6 27.Nd5 Bd8 28.b3 a6
29.c4 b5 30.axb5 axb5 31.cxb5 Rc5 32.Ne3 Bc7 33.Kd3 Rxb5 34.Kc4 Rb8 35.Ra1 f5
36.Ra6+ Rb6 37.Nd5  1-0

[Event "Aarhus-A"]
[Site "Aarhus"]
[Date "1986.??.??"]
[Round "2"]
[White "Schandorff, Lars"]
[Black "Pedersen, Karsten"]
[Result "1-0"]
[WhiteElo "2335"]
[BlackElo "2345"]

1.d4 g6 2.e4 Bg7 3.Nc3 d6 4.g3 h5 5.h3 a6 6.Bg2 Nd7 7.Nge2 e5 8.a4 Ne7 9.Bg5 f6
10.Be3 h4 11.Qd2 c6 12.a5 b5 13.axb6 Nxb6 14.b3 Bb7 15.dxe5 fxe5 16.Rd1 Nbc8
17.O-O Qc7 18.Bg5 Ng8 19.Bxh4 Nh6 20.Bg5 Nf7 21.Be3 Ne7 22.h4 Rd8 23.Na4 c5
24.Nec3 Bh6 25.Bxh6 Rxh6 26.Nb2 Rh5 27.Qe2 Rh8 28.Nc4 g5 29.h5 Ng8 30.Ne3 Nf6
31.Ncd5 Nxd5 32.Nxd5 Qc8 33.Ne3 Nh6 34.Rd2 Rg8 35.Rfd1 Ke7 36.Nd5+ Bxd5 37.Rxd5 Qc6
38.Bf1 Ra8 39.Rxd6 Qxd6 40.Rxd6 Kxd6 41.Qd2+  1-0

[Event "Albena"]
[Site "Albena"]
[Date "1986.??.??"]
[Round "?"]
[White "Kengis, Edvins"]
[Black "Davies, Nigel R"]
[Result "1/2-1/2"]
[WhiteElo "2485"]
[BlackElo "2410"]

1.e4 g6 2.d4 Bg7 3.Nc3 d6 4.Nf3 Nf6 5.Be2 O-O 6.O-O c5 7.d5 Na6 8.h3 Nc7
9.a4 b6 10.Bf4 Bb7 11.Bc4 Qd7 12.Qd3 Rad8 13.Rad1 a6 14.Rfe1 Qc8 15.Qe3 Rfe8
16.Bh6 e6  1/2-1/2

[Event "Albena"]
[Site "Albena"]
[Date "1986.??.??"]
[Round "?"]
[White "Barbulescu, Dan"]
[Black "Popchev, Milko"]
[Result "0-1"]
[WhiteElo "2450"]
[BlackElo "2380"]

1.e4 g6 2.d4 Bg7 3.Nc3 d6 4.Be2 Nf6 5.Nf3 O-O 6.O-O Bg4 7.Be3 Nc6 8.Qd2 e5
9.dxe5 dxe5 10.Rad1 Qe7 11.Bg5 Qb4 12.Bxf6 Bxf6 13.Nd5 Qxd2 14.Rxd2 Bd8 15.c3 Kg7
16.Rfd1 Be6 17.b4 f6 18.Bc4 Bc8 19.Rd3 a6 20.a4 f5 21.Nd2 Na7 22.a5 Nb5 23.f3 Nd6
24.Bb3 fxe4 25.Nxe4 Nxe4 26.fxe4 Bg4 27.Re1 Bh4 28.g3 Bd8 29.Ne3 Bh3 30.Bd1 Bg5
31.Nc4 Rad8 32.Rxd8 Rxd8 33.Be2 Be6 34.Nxe5 Bd2 35.Rd1 Be3+ 36.Kg2 Rxd1 37.Bxd1 Bd2
38.Nd3 Bxc3 39.Nc5 Bc8 40.Nd3 Bd7 41.Kf3 Bb5 42.Ke3 Kf6 43.Bg4 Ke7 44.Bc8 Bc6
45.g4 g5 46.e5 h6 47.Nc5 Bxb4 48.Nxb7 Ba3 49.Kd4 Bb2+ 50.Kc4 Bxe5 51.Nc5 Bb5+
52.Kb3 Kd6 53.Nxa6 c5 54.Bb7 Bf6 55.h3 Bd8 56.Nxc5 Kxc5 57.a6 Kb6 58.Kc3 Bf6+
59.Kb4 Bxa6 60.Bxa6 Kxa6 61.Kc5 Be5  0-1

[Event "Albena"]
[Site "Albena"]
[Date "1986.??.??"]
[Round "?"]
[White "Popchev, Milko"]
[Black "Davies, Nigel R"]
[Result "1-0"]
[WhiteElo "2380"]
[BlackElo "2410"]

1.d4 g6 2.e4 Bg7 3.Nc3 d6 4.g3 Nc6 5.d5 Ne5 6.f4 Nd7 7.Nf3 c6 8.Bg2 cxd5
9.exd5 Bxc3+ 10.bxc3 Ngf6 11.Qd4 Nb6 12.c4 Qc7 13.Nd2 Bf5 14.Be4 Nxc4 15.Bxf5 Nxd2
16.Bg4 Nxg4 17.Qxh8+ Kd7 18.Qb2 Nf3+ 19.Ke2 Nfxh2 20.Qb5+ Kd8 21.c4 a6 22.Qb4 Rc8
23.Be3 Qxc4+ 24.Qxc4 Rxc4 25.Bb6+ Kd7 26.Rac1 Re4+ 27.Kd3 f5 28.Rhe1 Nf6
29.Bd4 Nf3 30.Rxe4 fxe4+ 31.Ke3 Nxd5+ 32.Kxe4 Nd2+ 33.Kd3 Nf3 34.Ke4 Nxd4
35.Kxd4 Nf6 36.Rb1 Kc6 37.Re1 Kd7 38.Rb1 b5 39.Rb3 Kc6 40.Ra3 Kb7 41.Re3 e5+
42.fxe5 Ng4 43.Re2 Nxe5 44.Kd5 Kc7 45.Rf2 a5 46.Rf6 Nd3 47.Rf7+ Kb6 48.Kxd6 b4
49.Rxh7 Nc1 50.Kd5 Kb5 51.Rb7+ Ka4 52.Kc4  1-0

[Event "Asousados"]
[Site "Asousados"]
[Date "1986.??.??"]
[Round "?"]
[White "Gonzalez, Sergio"]
[Black "Gonzalez, J."]
[Result "1/2-1/2"]
[WhiteElo "2300"]
[BlackElo "2375"]

1.e4 g6 2.d4 Bg7 3.Nc3 d6 4.f4 Nf6 5.Nf3 O-O 6.Be2 Nfd7 7.O-O c5 8.Be3 cxd4
9.Nxd4 Nc6 10.Nf3 a6 11.Qd2 b5 12.Rad1 Nf6 13.Kh1 b4 14.Nb1 Be6 15.Qd3 Bxa2
16.Nbd2 Be6 17.Ng5 Bg4 18.Nc4 Bxe2 19.Qxe2 h6 20.Nf3 Qc7 21.e5 dxe5 22.fxe5 Ng4
23.Bb6 Qb8 24.Rd5 h5 25.h3 Nh6 26.Nh4 Qc8 27.Qd2 Qe6 28.Re1 Nf5 29.Nxf5 gxf5
30.b3 Bh6 31.Qd1 Kh7 32.Rd3 Qg6 33.Qf3 Rac8 34.Bf2 Rg8 35.Nb6 Rcd8 36.Rxd8 Rxd8
37.e6 Nd4 38.Bxd4 Rxd4 39.exf7 Qxf7 40.Qb7 Bg5 41.Nc8 Bh4 42.g3 Bf6 43.Nxe7 h4
44.Qb6 hxg3 45.Qc5 Rf4 46.Nd5 Qb7 47.Re6 Rd4 48.Rc6 Bg7 49.Nc7 Qc8 50.Ne6 Rd1+
51.Kg2 Qd7 52.Qxf5+ Kg8 53.Nd4 Qxf5 54.Nxf5 Be5 55.Nxg3 Rd2+ 56.Kf3 Bc3 57.Ne2 Rxc2
58.Nxc3 bxc3 59.Ke3 Rh2 60.Rxc3  1/2-1/2

[Event "OHRA-B"]
[Site "Brussels"]
[Date "1986.??.??"]
[Round "?"]
[White "Moulin, Pierre"]
[Black "Pein, Malcolm"]
[Result "1/2-1/2"]
[WhiteElo "2310"]
[BlackElo "2340"]

1.e4 g6 2.d4 d6 3.Nc3 Bg7 4.Nf3 Nf6 5.Be2 O-O 6.O-O Nc6 7.h3 a6 8.Bg5 b5
9.Qd3 h6 10.Be3 e5 11.dxe5 dxe5 12.a4 b4 13.Nd5 Nxd5 14.exd5 Ne7 15.Rfd1 Nf5
16.Bc5 Nd6 17.Qb3 a5 18.c3 bxc3 19.bxc3 Re8 20.c4 e4 21.Nd4 e3 22.Nc6 exf2+
23.Bxf2 Qg5 24.Ra2 Ne4 25.Bd4 Ng3 26.Bf3 Bxd4+ 27.Nxd4 Re3 28.Qb2 Ba6 29.c5 Rd8
30.Ra3 Rxa3 31.Qxa3 Bb7 32.Nb5 c6 33.Nd6 Ba6 34.dxc6 Ne2+ 35.Bxe2 Bxe2 36.c7 Bxd1
37.cxd8=Q+ Qxd8 38.Qa2 Qd7 39.Qd5 Bxa4 40.Ne4 Qc6 41.Qe5 Qe6 42.Nf6+ Kg7
43.Qd4 Qxf6 44.Qxa4 Qc3 45.c6 Qc5+ 46.Kh1 f5 47.Qf4 Qxc6 48.Qe5+ Qf6 49.Qc7+ Qf7
50.Qxa5 g5 51.Qe5+ Qf6 52.Qe8 Qd6 53.Kg1 g4 54.hxg4 fxg4 55.Qe4 Qc5+ 56.Kh2 h5
57.Kg3  1/2-1/2

[Event "Delmenhorst"]
[Site "Delmenhorst"]
[Date "1986.??.??"]
[Round "?"]
[White "Meyer, Holger"]
[Black "Wesseln, Kai"]
[Result "1-0"]
[WhiteElo "2310"]
[BlackElo "2310"]

1.d4 g6 2.e4 Bg7 3.Nc3 d6 4.Nf3 Nf6 5.Be2 O-O 6.O-O c6 7.a4 a5 8.Re1 Qc7
9.h3 e5 10.Bf1 Nbd7 11.Be3 Re8 12.d5 Nc5 13.Nd2 Bd7 14.Nc4 Bf8 15.Qf3 Kg7
16.Rad1 Ng8 17.Rd2 Rad8 18.Red1 f6 19.b3 b6 20.Na3 f5 21.exf5 gxf5 22.dxc6 Qxc6
23.Qxc6 Bxc6 24.Nc4 f4 25.Bxc5 bxc5 26.Nxa5 Ba8 27.Bb5 Re6 28.Bc4 Rg6 29.Bd5 Ne7
30.Bxa8 Rxa8 31.Nc4 Nf5 32.Kh2 Nd4 33.Nd5 Kh8 34.f3 Bh6 35.Re1 Rag8 36.Kh1 Bg5
37.a5 Nf5 38.Nc3 Bh4 39.Ra1 Ne3 40.a6 Nxg2 41.a7 Ne1 42.a8=Q  1-0

[Event "DEN-ch"]
[Site "DEN"]
[Date "1986.??.??"]
[Round "9"]
[White "Ochsner, Thomas"]
[Black "Hoi, Carsten"]
[Result "0-1"]
[WhiteElo "2275"]
[BlackElo "2405"]

1.e4 d6 2.d4 g6 3.Nc3 Bg7 4.f4 a6 5.Nf3 b5 6.Bd3 Bb7 7.Qe2 Nd7 8.e5 e6 9.a4 b4
10.Ne4 Bxe4 11.Bxe4 d5 12.Bd3 a5 13.c3 Ne7 14.cxb4 axb4 15.Bd2 Qb8 16.O-O O-O
17.Bb5 Rd8 18.Bxb4 Bf8 19.g4 Qa7 20.Qf2 Nc8 21.Bxf8 Nxf8 22.f5 exf5 23.gxf5 Ne7
24.f6 Nf5 25.Bd3 Ne6 26.Bxf5 gxf5 27.Kh1 Kh8 28.Rg1 Rg8 29.Qh4 Qa6 30.Rg7 Rxg7
31.fxg7+ Kg8 32.Ng5 Nxg5 33.Qxg5 Qd3 34.Qf4 Rb8 35.a5 Rxb2 36.a6 Rb1+ 37.Rxb1 Qxb1+
38.Kg2 Qa2+ 39.Kh1 Qxa6 40.Qxf5 Qa1+ 41.Kg2 Qxd4 42.Qc8+ Kxg7 43.Qxc7 Qg4+
44.Kf2 Kg6 45.Qd6+ Qe6 46.Qb8 Kf5 47.Qc7 Ke4 48.Qc3 Qf5+ 49.Kg2 d4 50.Qc2+  0-1

[Event "FRA-chB"]
[Site "Epinal"]
[Date "1986.??.??"]
[Round "1"]
[White "Litique, Michel"]
[Black "Corgeron, JL."]
[Result "0-1"]
[WhiteElo "2100"]
[BlackElo "2160"]

1.e4 g6 2.d4 Bg7 3.Nc3 d6 4.f4 Nf6 5.Nf3 O-O 6.Be2 c5 7.d5 e6 8.O-O exd5
9.exd5 a6 10.a4 Re8 11.Bc4 Nbd7 12.Re1 Nb6 13.Ba2 Bg4 14.Rxe8+ Qxe8 15.a5 Na4
16.Nxa4 Qxa4 17.Bd2 Ne4 18.c3 Qxa5 19.Bc4 Qb6 20.Bc1 Re8 21.h3 Bd7 22.Qf1 Qc7
23.Bd3 c4 24.Bxe4 Rxe4 25.Nd2 Qc5+ 26.Kh1 Re8 27.Qxc4 Re1+ 28.Kh2 Qg1+ 29.Kg3 Rxc1
30.Nf3 Qd1 31.Rxc1 Qxc1 32.Qc7 Bf5 33.Ng5 Qe3+  0-1

[Event "FRA-ch"]
[Site "Epinal"]
[Date "1986.??.??"]
[Round "3"]
[White "Seret, Jean Luc"]
[Black "Bernard, Christophe"]
[Result "0-1"]
[WhiteElo "2440"]
[BlackElo "2295"]

1.e4 g6 2.d4 Bg7 3.Nc3 d6 4.Be2 Nf6 5.Nf3 O-O 6.O-O Bg4 7.Be3 Nc6 8.Nd2 Bxe2
9.Qxe2 e5 10.d5 Nd4 11.Qd3 c6 12.Bg5 Qc7 13.f4 Nd7 14.fxe5 Bxe5 15.Nc4 Bg7
16.Be3 Nb5 17.dxc6 bxc6 18.Nxb5 cxb5 19.Nxd6 Ne5 20.Nxb5 Qb8 21.Qe2 a6 22.Nc3 Qxb2
23.Nd5 Qa3 24.Kh1 Rac8 25.Bd4 Rfe8 26.c3 Qd6 27.Rab1 Nc6 28.Qxa6 Ra8 29.Qb7 Nxd4
30.Qxf7+ Kh8 31.cxd4 Rf8 32.e5 Qc6 33.Rfc1 Qxc1+ 34.Rxc1 Rxf7 35.e6 Rb7 36.Nc7 Rab8
37.g3 Bf8 38.a4 Rc8  0-1

[Event "Espoo"]
[Site "Espoo"]
[Date "1986.??.??"]
[Round "?"]
[White "Ebeling, Mika"]
[Black "Halme, Olavi"]
[Result "1-0"]
[WhiteElo "2275"]
[BlackElo "2200"]

1.e4 g6 2.d4 Bg7 3.Nc3 d6 4.h3 c6 5.a4 Nd7 6.Nge2 e5 7.Be3 Ne7 8.g3 O-O 9.Bg2 Qc7
10.O-O f5 11.Qd2 Nf6 12.Kh2 Be6 13.dxe5 dxe5 14.Rad1 Rad8 15.Qc1 Bc4 16.b3 Ba6
17.Rxd8 Rxd8 18.Rd1 b6 19.exf5 gxf5 20.Bg5 Rd6 21.Rxd6 Qxd6 22.Qe3 h6 23.Qd2 Qxd2
24.Bxd2 Kf7 25.Nc1 Ke6 26.Nd1 Nd7 27.c4 e4 28.f3 Nc5 29.Bb4 exf3 30.Bxf3 Ne4
31.Ne2 c5 32.Be1 Be5 33.Kg2 Nc6 34.Ndc3 Nd4 35.Nxd4+ cxd4 36.Nd5 Bb7 37.Nb4 a5
38.Nd3 Bd6 39.b4 axb4 40.Bxb4 Bxb4 41.Nxb4 Kd6 42.g4 fxg4 43.hxg4 Kc5 44.Nd3+ Kxc4
45.Ne5+ Kc3 46.Be2 d3 47.Bxd3 Nc5+ 48.Kg3 Nxd3 49.Nd7 Kd4 50.Kh4 Ne5 51.Nxb6 Kc5
52.a5 Kb5 53.g5 Nf3+ 54.Kg3 hxg5 55.Nd7 Kxa5 56.Nf6 Ne5 57.Nh7 g4 58.Kf4 Bf3
59.Ng5 Ng6+ 60.Kg3 Ne5 61.Kf4 Ng6+ 62.Kg3 Be2 63.Ne4 Ne7 64.Kf4 Nd5+ 65.Kg3 Kb4
66.Nf2 Nf6 67.Nxg4 Nxg4 68.Kf4 Bd1 69.Ke4 Bc2+ 70.Kd4 Nf6 71.Ke5 Ne4 72.Kd4 Nd6
73.Kd5 Nc4 74.Kd4 Bg6 75.Kd5 Kc3 76.Ke6 Kd4 77.Kf6 Bc2 78.Ke6 Kc5 79.Ke7 Kd5
80.Kf6 Kd6 81.Kf7 Ke5 82.Ke7 Nd6 83.Kd7 Nf5 84.Kc6 Kd4 85.Kb5 Kc3 86.Kc5 Bb3
87.Kb5 Bg8 88.Kc5 Kb3 89.Kb5 Ka3 90.Ka5 Bc4 91.Kb6 Kb4 92.Kc6 Bg8 93.Kb6 Bd5
94.Kc7 Kc5 95.Kd7 Bf7 96.Kd8 Kc6 97.Kc8 Ne7+ 98.Kd8 Nd5 99.Kc8 Bh5  1-0

[Event "FRG op-ch"]
[Site "Germany"]
[Date "1986.??.??"]
[Round "?"]
[White "Short, Nigel D"]
[Black "Bischoff, Klaus"]
[Result "1/2-1/2"]
[WhiteElo "2615"]
[BlackElo "2495"]

1.e4 d6 2.d4 g6 3.Nc3 Bg7 4.Nf3 Nf6 5.h3 O-O 6.Be3 c6 7.a4 Nbd7 8.Be2 d5
9.e5 Ne8 10.O-O f6 11.exf6 exf6 12.Bd3 Rf7 13.Ne2 Nd6 14.b3 Nf8 15.c4 Bf5
16.cxd5 cxd5 17.Rc1 Ne6 18.Nf4 Nxf4 19.Bxf4 Bf8 20.Re1 Bxd3 21.Qxd3 Ne4 22.Rc2 Rc8
23.Rec1 Rxc2 24.Rxc2  1/2-1/2

[Event "EU-ch U20"]
[Site "Groningen"]
[Date "1986.??.??"]
[Round "?"]
[White "Blatny, Pavel"]
[Black "Piket, Jeroen"]
[Result "1-0"]
[WhiteElo "2410"]
[BlackElo "2390"]

1.e4 g6 2.d4 Bg7 3.Nc3 d6 4.Nf3 Nf6 5.Be2 O-O 6.O-O c6 7.Re1 Nbd7 8.Bf4 Qa5
9.Nd2 Qc7 10.d5 Nb6 11.Nf3 Bd7 12.a4 a5 13.dxc6 Bxc6 14.Bf1 Rfd8 15.Qe2 Nfd7
16.e5 Bxf3 17.Qxf3 Nxe5 18.Qe4 Qc6 19.Qe2 e6 20.Nb5 Ned7 21.Bxd6 Bxb2 22.Rab1 Bg7
23.Red1 Nc5 24.g3 Ncxa4 25.Bg2 Qc4 26.Qxc4 Nxc4 27.Bxb7 Nab2 28.Bxa8 Nxd1
29.Bf3 Nc3 30.Nxc3 Bxc3 31.Be7 Rc8 32.Rb7 Bd4 33.Be2 a4 34.Rb4 a3 35.Rxc4 Ra8
36.Bxa3 e5 37.Bb4 Ra4 38.Kg2 h5 39.Bd2 Ra2 40.Rc7 Kg7 41.Rxf7+  1-0

[Event "Hamburg HSV"]
[Site "Hamburg"]
[Date "1986.??.??"]
[Round "?"]
[White "Wahls, Matthias"]
[Black "Todorcevic, Miodrag"]
[Result "1/2-1/2"]
[WhiteElo "2460"]
[BlackElo "2445"]

1.e4 g6 2.d4 Bg7 3.Nc3 d6 4.f4 c6 5.Nf3 Bg4 6.Be3 Qb6 7.Qd2 Bxf3 8.gxf3 Nd7
9.Bh3 O-O-O 10.O-O Qa5 11.a4 Qh5 12.Bg4 Qh4 13.d5 f5 14.exf5 Ngf6 15.Bf2 Qh6
16.Bxa7 Rhg8 17.Kh1 gxf5 18.Bxf5 Nh5 19.Ne2 c5 20.Be6 Be5 21.Bxg8 Bxf4 22.Nxf4 Ng3+
23.Kg2 Nxf1 24.Rxf1 Rxg8+ 25.Kh1 Rf8 26.Re1 Qxf4 27.Qxf4 Rxf4 28.a5 Kd8 29.Kg2 Rd4
30.Re2 Rxd5 31.c3 c4 32.Bb6+ Nxb6 33.axb6 Rb5 34.Kg3 Rxb6 35.Kg4 Rb5 36.f4 Kd7
37.f5 Re5 38.Rf2 b5 39.h4 Kc6 40.Kf4 e6 41.fxe6 Rxe6 42.Kf5 Re5+ 43.Kf6 Rh5
44.Rf4 d5 45.Ke6 Kc5 46.Rf8 Rxh4 47.Rc8+ Kb6 48.Kxd5 Rh5+ 49.Kd6 Rh6+ 50.Kd5 Rh2
51.Rb8+ Kc7 52.Rf8 Rh5+ 53.Kd4 Kd7 54.Rf7+ Ke6 55.Rb7 h6 56.Rb6+ Kd7 57.Ra6  1/2-1/2

[Event "Hamburg HSV"]
[Site "Hamburg"]
[Date "1986.??.??"]
[Round "?"]
[White "Scholz, Guillermo"]
[Black "Todorcevic, Miodrag"]
[Result "0-1"]
[WhiteElo "2355"]
[BlackElo "2445"]

1.e4 g6 2.d4 Bg7 3.Nc3 d6 4.g3 Nc6 5.Be3 e5 6.dxe5 Nxe5 7.h3 Nf6 8.f4 Ned7
9.Bg2 O-O 10.Nge2 Re8 11.O-O Nb6 12.Bd4 Bd7 13.Qd3 c5 14.Bxf6 Qxf6 15.Rad1 Bc6
16.b3 Rad8 17.Qf3 Qe7 18.Qd3 f5 19.exf5 d5 20.fxg6 d4 21.gxh7+ Kh8 22.Bxc6 bxc6
23.Qf3 dxc3 24.Rxd8 Qxd8 25.f5 Nd5 26.h4 Re3 27.Qg2 Qd6 28.Rf2 Bd4 29.Kh2 Re8
30.Nxd4 cxd4 31.Qf3 Nf6 32.Kg2 Re3 33.Qf4 Qxf4 34.Rxf4 c5 35.g4 Re4  0-1

[Event "Holon op"]
[Site "Holon"]
[Date "1986.??.??"]
[Round "?"]
[White "Liberzon, Vladimir M"]
[Black "Stepak, Yedael"]
[Result "1-0"]
[WhiteElo "2450"]
[BlackElo "2300"]

1.e4 g6 2.d4 Bg7 3.Nc3 d6 4.Be2 c6 5.Nf3 b5 6.O-O b4 7.Nb1 Nf6 8.Nbd2 O-O
9.a3 bxa3 10.Rxa3 a5 11.b3 Nfd7 12.Bb2 Ba6 13.Bxa6 Nxa6 14.Nc4 Nb4 15.c3 d5
16.exd5 Nxd5 17.Qa1 N7b6 18.Nxa5 Qd7 19.Qc1 Rfc8 20.c4 Nb4 21.Qd2 c5 22.Bc3 Na6
23.dxc5 Bxc3 24.Qxc3 Nxc5 25.Rfa1 Rd8 26.h3 Rac8 27.Qe3 Qc7 28.Ne5 Rd6 29.b4 Ncd7
30.c5 Re6 31.cxb6 Nxb6 32.f4 Nd5 33.Qd4 Nxf4 34.Qxf4 Rxe5 35.Qf2 Rf5 36.Qd4 Rd8
37.Qe3 Re5 38.Qc3  1-0

[Event "URS-FL"]
[Site "Kujbyshev"]
[Date "1986.??.??"]
[Round "?"]
[White "Ehlvest, Jaan"]
[Black "Azmaiparashvili, Zurab"]
[Result "1/2-1/2"]
[WhiteElo "2445"]
[BlackElo "2470"]

1.d4 d6 2.e4 g6 3.Nc3 Bg7 4.f4 Nc6 5.Nf3 Bg4 6.Be3 Bxf3 7.gxf3 d5 8.Qd2 e6
9.O-O-O Nf6 10.Rg1 O-O 11.h4 Nh5 12.f5 dxe4 13.fxg6 fxg6 14.Nxe4 e5 15.c3 Qd5
16.c4 Qd8 17.d5 Nd4 18.Ng5 Nf4 19.Rg4 c5 20.dxc6 bxc6 21.Qh2 Qe7 22.Rxf4 Rxf4
23.Bxf4 exf4 24.Qxf4 Rf8 25.Qe4 Qxe4 26.Nxe4 Rxf3 27.c5 Rf4 28.Bc4+ Kf8 29.Rf1 Bh6
30.Rxf4+ Bxf4+ 31.Kd1 Nf5 32.Ba6 Ke7 33.h5 gxh5 34.Bc8 Nd4 35.Ke1 Bc1 36.b3 Be3
37.Kf1 h6 38.Kg2 Ne6 39.Kg3 Bg5 40.Ba6 Nf4 41.Bc4 Nd5 42.Kf3 a5 43.Kf2  1/2-1/2

[Event "Lisboa"]
[Site "Lisboa"]
[Date "1986.??.??"]
[Round "?"]
[White "Frois, Antonio"]
[Black "Santos, Jose P"]
[Result "1/2-1/2"]
[WhiteElo "2335"]
[BlackElo "2345"]

1.e4 g6 2.d4 Bg7 3.Nc3 d6 4.Nf3 e5 5.dxe5 dxe5 6.Qxd8+ Kxd8 7.Bg5+ f6 8.O-O-O+ Nd7
9.Be3 Bh6 10.Bxh6 Nxh6 11.Bc4  1/2-1/2

[Event "Lisboa"]
[Site "Lisboa"]
[Date "1986.??.??"]
[Round "?"]
[White "Galego, Luis"]
[Black "Santos, Jose P"]
[Result "1/2-1/2"]
[WhiteElo "2330"]
[BlackElo "2345"]

1.e4 g6 2.d4 Bg7 3.Nc3 d6 4.Nf3 e5 5.Bg5 f6 6.Be3 Be6 7.dxe5 dxe5 8.Qxd8+ Kxd8
9.O-O-O+ Nd7 10.Nd2 Bh6 11.Bc4 Bxc4 12.Nxc4 Bxe3+ 13.Nxe3 h5 14.Rd2 Rh7 15.Rhd1 c6
16.b4 Kc7 17.Nc4 Nf8 18.Rd6 Rd7 19.Rxd7+ Nxd7 20.g3 Rd8 21.f4 Nb6 22.Rxd8 Kxd8
23.Nxb6 axb6 24.Kd2 b5 25.Ke3 Nh6 26.Kf3 Ke7 27.a4 bxa4 28.Nxa4 b5 29.Nc5 Kd6
30.Nd3 Ke6 31.h3 Kd6 32.Ke3 Ke6 33.Ne1 Nf7 34.Nf3 Nd6 35.Nh4 Kf7 36.Nf3 Ke6
37.fxe5 fxe5 38.Nd2 Nf7 39.c4 bxc4 40.Nxc4 Ng5 41.h4 Nh7 42.Na5 Kd7 43.Nc4 Ke6  1/2-1/2

[Event "Lisboa"]
[Site "Lisboa"]
[Date "1986.??.??"]
[Round "?"]
[White "Frois, Antonio"]
[Black "Davies, Nigel R"]
[Result "1/2-1/2"]
[WhiteElo "2335"]
[BlackElo "2410"]

1.e4 g6 2.d4 Bg7 3.Nc3 d6 4.Nf3 Nf6 5.Be2 O-O 6.O-O c5 7.dxc5 dxc5 8.Qxd8 Rxd8
9.Be3 b6 10.Rfd1 Nc6 11.Rxd8+ Nxd8 12.Rd1 Bb7 13.e5 Ng4 14.Bg5 Ne6 15.Bxe7 Nxe5
16.Nxe5 Bxe5 17.Bc4 Re8 18.Bh4 g5  1/2-1/2

[Event "GLC Masters"]
[Site "London"]
[Date "1986.??.??"]
[Round "3"]
[White "Le Blancq, Simon"]
[Black "Crawley, Gavin"]
[Result "1/2-1/2"]
[WhiteElo "2410"]
[BlackElo "2335"]

1.d4 g6 2.e4 Bg7 3.Nc3 d6 4.Nf3 Nf6 5.Be2 O-O 6.O-O Nc6 7.d5 Nb4 8.Re1 a5
9.h3 Bd7 10.Bf1 c6 11.a3 Na6 12.Be3 Rc8 13.Qd2 cxd5 14.exd5 Rxc3 15.Qxc3 Nxd5
16.Qb3 Nxe3 17.Qxe3 Bxb2 18.Rab1 Bf6 19.Rxb7 Nc5 20.Rbb1 Qa8 21.Bb5 Bf5 22.Bd3 Nxd3
23.cxd3 Qd5 24.Red1 h5 25.Qb6 Bd7 26.Qb7 Bc6 27.Qc7 g5 28.Rdc1 Ba8 29.Rb8 Rxb8
30.Qxb8+ Kh7 31.Rc8 Bb7 32.Rg8 Bg7 33.Re8 Bf6 34.Rg8 Bg7 35.Re8 Ba6 36.Rxe7 g4
37.hxg4 hxg4 38.Rxf7 gxf3 39.Rxf3 Bxd3 40.Rh3+ Kg6 41.Qe8+ Kf6 42.Qd8+ Kg6
43.Qe8+  1/2-1/2

[Event "Lugano op"]
[Site "Lugano"]
[Date "1986.??.??"]
[Round "?"]
[White "Bhend, Edwin"]
[Black "Arapovic, Vitomir"]
[Result "1-0"]
[WhiteElo "2365"]
[BlackElo "2405"]

1.e4 g6 2.d4 Bg7 3.Nc3 d6 4.Nge2 Nd7 5.g3 e5 6.Bg2 Nh6 7.h4 Ng4 8.f3 Ngf6
9.Be3 c6 10.Qd2 Nb6 11.dxe5 Nc4 12.exf6 Nxd2 13.fxg7 Nxf3+ 14.Bxf3 Rg8 15.O-O-O Rxg7
16.Bf4 Be6 17.Rxd6 Qa5 18.Rhd1 Bxa2 19.R1d4 Be6 20.Bg5 Rg8 21.Bf6 g5 22.hxg5 Rxg5
23.b4  1-0

[Event "Lvov Int"]
[Site "Lvov"]
[Date "1986.??.??"]
[Round "?"]
[White "Giorgadze, Tamaz"]
[Black "Norwood, David"]
[Result "1/2-1/2"]
[WhiteElo "2505"]
[BlackElo "2460"]

1.e4 g6 2.d4 Bg7 3.Nc3 d6 4.Nf3 Nf6 5.Be2 O-O 6.O-O c6 7.Re1 Qc7 8.Bf4 Nbd7
9.h3 e5 10.Bh2 b5 11.Bf1 Re8 12.a3 Nb6 13.Qd2 Nfd7 14.a4 b4 15.Nd1 a5 16.c3 bxc3
17.Nxc3 exd4 18.Nxd4 Nc5 19.Ra3 Be6 20.Nxe6 Rxe6 21.f3 Qe7 22.Rd1 Rd8 23.Qc2  1/2-1/2

[Event "SWE-ch"]
[Site "Malmo"]
[Date "1986.??.??"]
[Round "?"]
[White "Eriksson, Anders"]
[Black "Akesson, Ralf"]
[Result "1-0"]
[WhiteElo "2265"]
[BlackElo "2435"]

1.e4 g6 2.d4 Bg7 3.Nc3 d6 4.Nf3 a6 5.Be2 b5 6.O-O Bb7 7.e5 e6 8.Bf4 Ne7 9.b4 h6
10.h3 Nbc6 11.a4 Nxb4 12.axb5 a5 13.Na4 g5 14.Bh2 Ng6 15.exd6 cxd6 16.Ne1 Rc8
17.c4 Nh4 18.Rc1 Nf5 19.Bf3 d5 20.Be5 Bxe5 21.dxe5 Qc7 22.c5 Qxe5 23.c6 Nxc6
24.bxc6 Rxc6 25.Nc5 Qc7 26.Ned3 O-O 27.Nxb7 Qxb7 28.Qa4 Rxc1 29.Rxc1 Qb6
30.Ne5 Qb2 31.Qa1 Qb5 32.Rb1 Qa6 33.Nd7 Rc8 34.Qf6 Qa7 35.Ne5 Qe7 36.Qxe7 Nxe7
37.Rb7 Kf8 38.Ra7 Rc1+ 39.Kh2 Ra1 40.Bh5 f6 41.Nd7+ Kg8 42.Nxf6+ Kg7 43.Ng4  1-0

[Event "Moscow-B"]
[Site "Moscow"]
[Date "1986.??.??"]
[Round "?"]
[White "Kaidanov, Grigory S"]
[Black "Azmaiparashvili, Zurab"]
[Result "1-0"]
[WhiteElo "2405"]
[BlackElo "2465"]

1.d4 d6 2.e4 g6 3.Nc3 Bg7 4.Nf3 Nf6 5.Bg5 c6 6.h3 O-O 7.Qd2 e5 8.dxe5 dxe5
9.Qxd8 Rxd8 10.Nxe5 Re8 11.O-O-O Rxe5 12.Rd8+ Re8 13.Bxf6 Rxd8 14.Bxd8 Be6
15.Be7 Nd7 16.a3 Be5 17.Bg5 b5 18.Be2 Bd4 19.Nd1 a5 20.Bg4 Bxg4 21.hxg4 Ne5
22.Be3 c5 23.g5 b4 24.Bxd4 cxd4 25.Rh3 Re8 26.f4 Nc4 27.e5 Rc8 28.Rd3 bxa3
29.bxa3 Kf8 30.a4 Rd8 31.c3 Nb6 32.Rxd4 Ke7 33.Ne3 Rxd4 34.cxd4 Nxa4 35.Kc2 Nb6
36.d5 Kd7 37.Kb3 Ke7 38.Ka3 Kd7 39.Kb3 Ke7 40.g3 Kd7 41.Ka3 Ke7 42.Kb3 Kd7
43.Kc3 Kc7 44.Kd4 a4 45.Kc3 Kd8 46.Kb4 Kc8 47.d6 Kd8 48.Nd1 Na8 49.Nc3  1-0

[Event "ARG-chJ"]
[Site "Neuquen"]
[Date "1986.??.??"]
[Round "8"]
[White "Rappa, Damian"]
[Black "Fulgenzi, Ernesto"]
[Result "1/2-1/2"]
[WhiteElo "2290"]
[BlackElo "2220"]

1.e4 g6 2.d4 Bg7 3.Nc3 d6 4.Be3 Nf6 5.f3 c6 6.Qd2 b5 7.Bd3 Nbd7 8.Nge2 O-O
9.O-O Nb6 10.b3 Qc7 11.Nd1  1/2-1/2

[Event "POL-chT"]
[Site "Porabka"]
[Date "1986.??.??"]
[Round "?"]
[White "Lipski, Tadeusz"]
[Black "Adamski, Andrzej"]
[Result "1/2-1/2"]
[WhiteElo "2275"]
[BlackElo "2370"]

1.e4 d6 2.d4 g6 3.Nc3 Bg7 4.Bc4 c6 5.a4 Nf6 6.Nf3 O-O 7.O-O Nxe4 8.Nxe4 d5
9.Bd3 dxe4 10.Bxe4 Nd7 11.Bg5 Nf6 12.Bd3 Bg4 13.Be2 Qa5 14.Bd2 Qd8 15.Bg5 Qa5
16.Bd2 Qd8  1/2-1/2